Miscellaneous Quiz / 'Van' Last Name Match-Up

Random Miscellaneous or General Knowledge Quiz

Results

Quiz Updated Sep 22, 2015

Also try: 'Van' Names
Challenge
Share
Tweet
Score 0/24 Timer 05:00
5 Plays Today
% Correct
Ludwig
96.3%
Dick
96%
Vincent
95.2%
Jean-Claude
94%
Eddie
87.3%
Martin
79.4%
Steven
59.7%
Dick
59.3%
Mario
55.9%
Rembrandt
55%
Linus
53.4%
Greta
52.5%
% Correct
Milhouse
51.3%
Gus
48.8%
Abraham
42.1%
Stan
40.7%
Jan
38.2%
Ruud
38.1%
Willem
26.1%
Antonie
24.8%
Marco
23%
Armin
20.3%
Carice
19.3%
Heman
9.8%
 
Number % Answered
24 (all)
2%
21-23
3.5%
18-20
9.1%
15-17
17.1%
12-14
22.4%
9-11
21.3%
6-8
15.4%
3-5
7%
1-2
2.2%

You're not logged in!

Compare scores with friends on all Sporcle quizzes.
Sign Up with Email
OR
Log In

You Might Also Like...

Show Comments

Extras


Your Account Isn't Verified!

In order to create a playlist on Sporcle, you need to verify the email address you used during registration. Go to your Sporcle Settings to finish the process.